Business logistics/ supply chain management: (Record no. 13545)
[ view plain ]
| 000 -LEADER | |
|---|---|
| fixed length control field | 00656nam a22002057a 4500 |
| 001 - CONTROL NUMBER | |
| control field | 13545 |
| 005 - DATE AND TIME OF LATEST TRANSACTION | |
| control field | 20260519092415.0 |
| 008 - FIXED-LENGTH DATA ELEMENTS--GENERAL INFORMATION | |
| fixed length control field | 260519b |||||||| |||| 00| 0 eng d |
| 020 ## - INTERNATIONAL STANDARD BOOK NUMBER | |
| International Standard Book Number | 0130661848 |
| 040 ## - CATALOGING SOURCE | |
| Original cataloging agency | BSULIB |
| 082 ## - DEWEY DECIMAL CLASSIFICATION NUMBER | |
| Edition number | 22 |
| Classification number | 658.7 |
| Item number | BAL |
| 100 ## - MAIN ENTRY--PERSONAL NAME | |
| Personal name | Ballou, Ronald H. |
| 9 (RLIN) | 26486 |
| 245 ## - TITLE STATEMENT | |
| Title | Business logistics/ supply chain management: |
| Remainder of title | planning, organizing, and controlling the supply chain |
| Statement of responsibility, etc | Ronald H. Ballou |
| 250 ## - EDITION STATEMENT | |
| Edition statement | 5th ed. |
| 260 ## - PUBLICATION, DISTRIBUTION, ETC. (IMPRINT) | |
| Place of publication, distribution, etc | New Jersey: |
| Name of publisher, distributor, etc | Upper Saddle River, |
| Date of publication, distribution, etc | 2004. |
| 300 ## - PHYSICAL DESCRIPTION | |
| Extent | xxii, 789 P.: |
| Other physical details | col. ill.; |
| Dimensions | 23cm. |
| 500 ## - GENERAL NOTE | |
| General note | Includes bibliographical references and index |
| 600 ## - SUBJECT ADDED ENTRY--PERSONAL NAME | |
| Source of heading or term | Management |
| 942 ## - ADDED ENTRY ELEMENTS (KOHA) | |
| Source of classification or shelving scheme | Dewey Decimal Classification |
| Item type | Books |
| Withdrawn status | Lost status | Source of classification or shelving scheme | Damaged status | Not for loan | Home library | Current library | Shelving location | Date acquired | Source of acquisition | Inventory number | Total Checkouts | Full call number | Barcode | Date last seen | Copy number | Price effective from | Koha item type | Public note |
|---|---|---|---|---|---|---|---|---|---|---|---|---|---|---|---|---|---|---|
| Dewey Decimal Classification | Main Library | Main Library | Reserve Book Section | 19/05/2026 | Purchased | 33091 | 658.7 BAL | bsu26050179 | 19/05/2026 | 001 | 19/05/2026 | Books | Material available in hard copy |